[Event "Ottawa op"]
[Site "Ottawa"]
[Date "1972.01.29"]
[Round "3.16"]
[White "Kimmerly, Ian"]
[Black "Ferguson, Randal"]
[Result "0-1"]
[WhiteElo "1481"]
[BlackElo "1338"]
[PlyCount "40"]
[EventDate "1972.01.29"]
[EventType "swiss"]
[EventRounds "5"]
[EventCountry "CAN"]
[SourceTitle "EXT 2022"]
[Source "ChessBase"]
[SourceDate "2021.10.06"]
[SourceVersion "1"]
[SourceVersionDate "2021.10.06"]
[SourceQuality "1"]

1. e4 c5 2. f4 d6 3. Nf3 Nc6 4. Nc3 e6 5. Bc4 Nf6 6. 0-0 a6 7. a4 Be7 8. d4 cxd4 9. Nxd4 Qc7 10. Be3 0-0 11. Rf3 b6 12. Bd3 Bb7 13. Rg3 Rfd8 14. e5 dxe5 15. fxe5 Nxe5 16. Bf4 Rxd4 17. Bxh7+ Nxh7 18. Qxd4 Bc5 19. Rxg7+ Kxg7 20. Bxe5+ Qxe5 0-1